[Event "RUS-ch Men Rapid 2019"]
[Site "Sochi"]
[Date "2019.10.16"]
[Round "9.13"]
[White "Zakhartsov, Vladimir"]
[Black "Tsydypov, Zhamsaran"]
[Result "1/2-1/2"]
[WhiteElo "2514"]
[BlackElo "2553"]
[Annotator "TA"]
[PlyCount "144"]
[EventDate "2019.10.15"]
[EventType "swiss"]
[EventCountry "RUS"]
[SourceTitle "playchess.com"]
[Source "ChessBase"]
[SourceQuality "1"]

{[%evp 10,144,0,0,0,0,0,-35,-35,-41,-53,-22,-29,-33,-25,-102,-110,-132,-100,-114,-127,-139,-55,-43,-22,-204,-212,-148,0,0,-8,-8,-8,-36,-41,-25,-25,-54,-54,-58,-54,-54,-54,-89,-89,-77,-74,-89,-84,-107,-87,-92,-82,-144,-91,-85,-54,-54,-55,-49,-49,-47,-57,-55,-58,-54,-46,-91,0,-21,-29,-241,-241,-234,-233,-331,-291,-293,-267,-267,-267,-267,-267,-405,-405,-540,-539,-520,0,-389,0,-495,-493,-482,-476,-486,-188,-29966,-66,-29967,-29968,-29965,-29961,-29981,-555,-555,-555,-555,-555,-555,-555,-555,-555,-555,-555,-598,-584,-584,-584,-4106,-584,-725,-558,-524,-8,-8,-8,-8,-8,-8,-8,-8,-8,-416,-416,-420,0]} 1. d4 Nf6 2. c4 e6 3. Nc3 Bb4 4. Bd2 c5 5. e3 cxd4 6. exd4 O-O {E20: Nimzo-Indian: 4 g3 and 4 f3} 7. Bd3 d5 8. c5 (8. cxd5 exd5 9. Nge2 Nc6 10. O-O Bd6 11. h3 h6 12. Rc1 Re8 13. Be3 a6 14. a3 Bc7 15. Re1 Nh5 16. Qd2 Qd6 {½-½ (76) Gareyev,T (2557)-Lenderman,A (2637) Saint Louis 2019}) 8... b6 {Black is slightly better.} 9. a3 $146 ({Predecessor:} 9. cxb6 Qxb6 10. Nf3 Nc6 11. Be3 Bxc3+ 12. bxc3 Ba6 13. O-O Bxd3 14. Qxd3 {0-1 (33) Milin,D (2127)-Nestorovic,D (2392) Belgrade 2009}) 9... Bxc3 $1 10. Bxc3 bxc5 11. dxc5 e5 12. b4 (12. Bxe5 $11 {remains equal.} Re8 13. f4) 12... d4 $17 13. Bb2 Bb7 14. f3 Nd5 15. Bc1 f5 (15... a5 $17 16. b5 Nc3) 16. Ne2 $15 {[#]} e4 $1 {[%mdl 512]} 17. fxe4 $2 (17. Bc4 $1 $11 {and White has nothing to worry.} d3 18. Nd4) 17... fxe4 $19 18. Bxe4 Re8 (18... Qh4+ $17 19. Ng3 Nc3 {[%mdl 64] Double Attack} 20. Qb3+ Kh8 21. Bxb7 Qe7+ {[%mdl 64] Double Attack} 22. Ne4 Nxe4 23. Bxe4 Qxe4+ {[%mdl 64] Double Attack} 24. Kd1 Qg4+ 25. Kc2 Qxg2+ {[%mdl 64] Double Attack} 26. Bd2 Rf3) 19. Qxd4 $11 Qh4+ {[%mdl 64] Double Attack} 20. Ng3 Qf6 $1 {[%cal Rf6d4]} 21. Bb2 Qxd4 22. Bxd4 Nc7 23. O-O Bxe4 24. Rae1 Nc6 25. Bxg7 Bxg2 26. Kxg2 Rxe1 27. Rxe1 Kxg7 28. Nf5+ Kf6 29. Nd6 a6 30. Rf1+ Kg6 31. Rf7 (31. Rf3 $142) 31... Nd5 (31... Nb5 $142 32. Rb7 Nxd6 33. cxd6 Ne5) 32. Kg3 Ne5 33. Rf5 {[#]} Re8 $1 {[%mdl 512]} 34. h4 {Hoping for h5+.} (34. Nxe8 Kxf5) 34... Re6 35. h5+ Kg7 36. Rg5+ Kf8 37. Rf5+ Ke7 38. Rg5 Kf8 ({Black should try} 38... Kd7 $17 39. Rg7+ Re7) 39. Rf5+ Nf6 40. c6 $2 (40. Ne4 $11 Neg4 41. Ng5 Re3+ 42. Kf4) 40... Nxc6 $19 41. Ne4 Ke7 42. Nc5 (42. Nxf6 $142 Rxf6 43. Rc5) 42... Re3+ 43. Rf3 Nxh5+ 44. Kf2 Rxf3+ 45. Kxf3 Nb8 46. Kg4 (46. a4 {is a better defense.}) 46... Nf6+ 47. Kg5 Nfd7 48. Nd3 Nf6 49. Nc5 Nfd7 50. Nd3 $1 Nc6 51. Kh6 Nf6 52. Nc5 Ne5 $2 (52... Nd8 {White must now prevent ...Nf7+.} 53. Nd3 Nf7+ 54. Kg7 Nd6) 53. Nxa6 $2 (53. Kg5 $19) 53... Nf7+ $1 54. Kg7 h5 $1 {[%cal Rh5h4]} 55. Nc5 Ne5 56. Nb3 Ne4 (56... h4 $142 57. Nd4 Nh5+ 58. Kh6 Ng3 59. Kg5 h3 60. Kh4 h2 61. Kxg3 h1=Q 62. Kf4 Qd5 63. Ne2 Kf6 64. Ke3 Ng4+ 65. Kf4 Qf5+ 66. Kg3 Kg5 67. Nf4 Qxf4+ 68. Kg2 Qf2+ 69. Kh3 Qh2#) 57. Nd4 Ng3 58. b5 {White hopes to continue with b6.} h4 {( -> ...h3)} 59. b6 Kd7 60. b7 Kc7 61. Ne6+ Kxb7 62. Nf4 Kc6 63. Kf6 Nf3 $1 64. Nh3 Kd5 65. a4 Ke4 66. a5 {[%cal Ba4a5,Ba5a6,Ba6a7][%mdl 32]} Nh5+ $2 (66... Kd5 $1 $19 67. Nf2 Kc5) 67. Kg6 $1 $11 Nf4+ 68. Kh6 $1 Ne6 {aiming for ...Kf5.} 69. a6 Nc7 70. a7 Kf5 {[#] And now ...Kg4 would win.} 71. Kh5 $2 {[%mdl 8192] [#]} (71. a8=R $1 $11 {[%mdl 512]}) 71... Na8 $1 $19 72. Ng1 Ke5 $2 {Accuracy: White = 51%, Black = 57%.} ({Black should play} 72... Nxg1 $19 73. Kxh4 Nf3+ 74. Kh3 Ne5) 1/2-1/2

[Event "RUS-ch Men Rapid 2019"]
[Site "Sochi"]
[Date "2019.10.16"]
[Round "9.14"]
[White "Faizrakhmanov, Ramil"]
[Black "Grachev, Boris"]
[Result "1-0"]
[WhiteElo "2434"]
[BlackElo "2621"]
[Annotator "TA"]
[PlyCount "121"]
[EventDate "2019.10.15"]
[EventType "swiss"]
[EventCountry "RUS"]
[SourceTitle "playchess.com"]
[Source "ChessBase"]
[SourceQuality "1"]

{[%evp 15,121,10,12,0,10,0,10,8,8,14,6,10,15,11,10,9,7,4,6,6,14,0,20,14,4,0,13,18,36,40,35,38,38,39,39,39,39,38,39,39,38,38,39,42,43,35,35,35,35,35,35,28,35,35,35,35,42,35,35,0,35,35,35,20,107,105,97,96,112,112,112,112,112,112,137,135,157,146,250,237,271,270,319,317,302,295,278,260,766,731,694,620,771,762,759,759,587,585,559,557,527,522,1076,466,728,931,29974,29974]} 1. d4 d5 2. c4 e6 3. Nf3 Nf6 4. Nc3 dxc4 5. e3 a6 6. Bxc4 b5 7. Bb3 Bb7 8. O-O c5 9. e4 {D27: Queen's Gambit Accepted: Classical main line: 7 e4!? and 7 a4} cxd4 10. Nxd4 Nc6 11. Nxc6 {The position is equal.} Qxd1 12. Rxd1 {Hoping for Na5.} Bxc6 13. f3 Bc5+ 14. Kf1 O-O (14... Ke7 15. Ne2 Rhd8 16. Bg5 Rxd1+ 17. Rxd1 {1-0 (45) Artemiev,V (2736)-Izoria,Z (2603) Astana 2019}) 15. Bf4 Rfc8 {[#]} 16. Ne2 $146 ({Predecessor:} 16. Rac1 Bb6 17. Ne2 Be8 18. Bd6 Nd7 19. a3 Nc5 20. Bc2 {½-½ (20) Mekhitarian,K (2554)-Leitao,R (2605) Teresina 2019}) 16... Be8 17. Nd4 Rd8 18. Be5 Nd7 19. Bc7 Rdc8 20. Bg3 Nb6 21. Rac1 {Black must now prevent Nxe6!} Bxd4 22. Rxc8 Rxc8 23. Rxd4 Nc4 24. Bxc4 bxc4 $14 {[%mdl 4096] Endgame KRB-KRB} 25. Be1 Bb5 {aiming for ...c3+.} 26. Kf2 e5 27. Rd6 f6 28. Bb4 h5 29. h4 Kf7 30. a3 Rc7 31. Ke1 Rd7 32. Rb6 Rd3 33. Bc3 Kg8 34. Rb8+ Kh7 35. Rc8 Rd7 36. Rc5 Kg6 37. Rc8 Kh7 38. Ra8 Rd3 39. Ra7 Kg6 {[#]} (39... Rd7 $11 40. Ra8 Rc7) 40. a4 $1 $16 {[%cal Ra4b5][%mdl 512]} Bxa4 41. Rxa6 Bc2 42. Bxe5 $1 Rd1+ 43. Kf2 Rd2+ 44. Kg3 Re2 45. Bc3 Kf7 46. Ra7+ Kg6 {[#]} (46... Kg8 $16 47. Ra5 Bd3 48. Rxh5 Rc2) 47. Bb4 $1 $18 f5 {[#]} 48. exf5+ $1 Bxf5 49. Bc3 Bd3 50. Rxg7+ Kh6 51. Kf4 Bg6 $2 (51... Rf2 52. g3 Bf1) 52. g4 hxg4 53. fxg4 Re4+ 54. Kf3 {Intending Rxg6+! and mate.} Re6 55. Rc7 {Bd2+ would kill now.} Bd3 56. h5 {White wants to mate with Bd2+.} Kg5 57. Rc5+ Kh4 {and the idea ...Be2+ leaves Black hopeful.} 58. Be5 Re8 59. Bf6+ Kh3 60. h6 {[%cal Rc5h5]} Bg6 61. h7 {Accuracy: White = 80%, Black = 42%.} 1-0

[Event "RUS-ch Men Rapid 2019"]
[Site "Sochi"]
[Date "2019.10.16"]
[Round "9.15"]
[White "Triapishko, Alexandr"]
[Black "Korchmar, Vasiliy"]
[Result "1/2-1/2"]
[WhiteElo "2514"]
[BlackElo "2434"]
[Annotator "ChessBase"]
[PlyCount "44"]
[EventDate "2019.10.15"]
[EventType "swiss"]
[EventCountry "RUS"]
[SourceTitle "playchess.com"]
[Source "ChessBase"]
[SourceQuality "1"]
[TimeControl "900+10"]

1. Nf3 {[%emt 0:01:48]} d5 {[%emt 0:00:02]} 2. g3 {[%emt 0:00:08]} g6 {[%emt 0:00:03]} 3. Bg2 {[%emt 0:00:08]} Bg7 {[%emt 0:00:02]} 4. d4 {[%emt 0:00:01]} Nf6 {[%emt 0:00:02]} 5. O-O {[%emt 0:00:03]} O-O {[%emt 0:00:01]} 6. c4 {[%emt 0:00:30]} c6 {[%emt 0:00:02]} 7. a4 {[%emt 0:00:03]} Bf5 {[%emt 0:00:51]} 8. Ne5 {[%emt 0:02:29]} Nbd7 {[%emt 0:01:03]} 9. cxd5 {[%emt 0:01:20]} cxd5 {[%emt 0:00:40]} 10. Nc3 {[%emt 0:01:06]} Be6 {[%emt 0:07:59]} 11. Nd3 {[%emt 0:02:11]} Bf5 {[%emt 0:01:41]} 12. Nxd5 {[%emt 0:02:59]} Nxd5 {[%emt 0:00:01]} 13. Bxd5 {[%emt 0:00:02]} Bxd4 {[%emt 0:00:02]} 14. Bxb7 {[%emt 0:01:46]} Rb8 {[%emt 0:00:01]} 15. Bg2 {[%emt 0:00:07]} Bxd3 {[%emt 0:00:29]} 16. Qxd3 {[%emt 0:00:57]} Nc5 {[%emt 0:00:01]} 17. Qc2 {[%emt 0:00:48]} Nb3 {[%emt 0:00:02]} 18. Rb1 {[%emt 0:00:11]} Nxc1 {[%emt 0:00:24]} 19. Rfxc1 {[%emt 0:00:19]} Qb6 {[%emt 0:00:01]} 20. e3 {[%emt 0:00:28]} Bxb2 {[%emt 0:00:05]} 21. Rd1 {[%emt 0:00:11]} Qf6 {[%emt 0:00:02]} 22. Qc6 {[%emt 0:00:31]} Qxc6 {[%emt 0:00:16]} 1/2-1/2

[Event "RUS-ch Men Rapid 2019"]
[Site "Sochi"]
[Date "2019.10.16"]
[Round "9.16"]
[White "Bryakin, Mikhail"]
[Black "Yudin, Sergei"]
[Result "0-1"]
[WhiteElo "2440"]
[BlackElo "2497"]
[Annotator "ChessBase"]
[PlyCount "82"]
[EventDate "2019.10.15"]
[EventType "swiss"]
[EventCountry "RUS"]
[SourceTitle "playchess.com"]
[Source "ChessBase"]
[SourceQuality "1"]
[TimeControl "900+10"]

1. d4 {[%emt 0:00:00]} d5 {[%emt 0:00:00]} 2. Nf3 {[%emt 0:00:00]} e6 {[%emt 0:00:00]} 3. c4 {[%emt 0:00:00]} c6 {[%emt 0:00:00]} 4. Qc2 {[%emt 0:00:14]} dxc4 {[%emt 0:00:00]} 5. Qxc4 {[%emt 0:00:05]} Nf6 {[%emt 0:00:00]} 6. g3 {[%emt 0:00:21]} b5 {[%emt 0:00:00]} 7. Qc2 {[%emt 0:00:12]} Bb7 {[%emt 0:00:02]} 8. Bg2 {[%emt 0:00:06]} Nbd7 {[%emt 0:00:01]} 9. a4 {[%emt 0:00:05]} b4 {[%emt 0:00:36]} 10. a5 {[%emt 0:01:05]} c5 {[%emt 0:00:05]} 11. O-O {[%emt 0:00:13]} Rc8 {[%emt 0:00:03]} 12. Qd1 {[%emt 0:00:39]} c4 {[%emt 0:00:26]} 13. Bd2 {[%emt 0:00:41]} Be4 {[%emt 0:01:40]} 14. Ra4 {[%emt 0:00:52]} Nd5 {[%emt 0:00:32]} 15. Qc1 {[%emt 0:01:12]} Be7 {[%emt 0:00:29]} 16. Ne1 {[%emt 0:00:16]} Bxg2 {[%emt 0:00:18]} 17. Nxg2 {[%emt 0:00:02]} N7f6 {[%emt 0:00:02]} 18. f3 {[%emt 0:01:15]} Qd7 {[%emt 0:02:49]} 19. Ra2 {[%emt 0:00:55]} c3 {[%emt 0:01:06]} 20. bxc3 {[%emt 0:00:17]} bxc3 {[%emt 0:00:02]} 21. Rc2 {[%emt 0:00:35]} O-O {[%emt 0:00:06]} 22. Bxc3 {[%emt 0:02:07]} Nxc3 {[%emt 0:00:04]} 23. Rxc3 {[%emt 0:00:06]} Qxd4+ {[%emt 0:00:25]} 24. e3 {[%emt 0:00:02]} Qd7 {[%emt 0:00:07]} 25. Rd1 {[%emt 0:00:15]} Nd5 {[%emt 0:00:44]} 26. Rc4 {[%emt 0:02:10]} Qb7 {[%emt 0:00:31]} 27. e4 {[%emt 0:00:42]} Nb4 {[%emt 0:00:35]} 28. Ne3 {[%emt 0:00:21]} Nc6 {[%emt 0:00:34]} 29. Qc3 {[%emt 0:01:01]} Bf6 {[%emt 0:01:48]} 30. Qa3 {[%emt 0:00:22]} Rcd8 {[%emt 0:00:42]} 31. Rxd8 {[%emt 0:02:59]} Rxd8 {[%emt 0:00:02]} 32. Nc3 {[%emt 0:00:33]} Ne5 {[%emt 0:00:19]} 33. Rb4 {[%emt 0:00:05]} Qc8 {[%emt 0:01:29]} 34. f4 {[%emt 0:00:29]} Nf3+ {[%emt 0:01:42]} 35. Kf2 {[%emt 0:00:01]} Nd2 {[%emt 0:00:22]} 36. e5 {[%emt 0:00:31]} Be7 {[%emt 0:00:02]} 37. Ke2 {[%emt 0:00:03]} Qa8 {[%emt 0:00:37]} 38. Ncd5 {[%emt 0:00:16]} exd5 {[%emt 0:00:13]} 39. Kxd2 {[%emt 0:00:05]} d4 {[%emt 0:00:10]} 40. Nc2 {[%emt 0:00:04]} Qg2+ {[%emt 0:00:07]} 41. Kc1 {[%emt 0:00:17]} Rc8 {[%emt 0:00:26]} 0-1

[Event "RUS-ch Men Rapid 2019"]
[Site "Sochi"]
[Date "2019.10.16"]
[Round "9.17"]
[White "Nesterov, Arseniy"]
[Black "Nozdrachev, Vladislav"]
[Result "0-1"]
[WhiteElo "2484"]
[BlackElo "2494"]
[Annotator "TA"]
[PlyCount "101"]
[EventDate "2019.10.15"]
[EventType "swiss"]
[EventCountry "RUS"]
[SourceTitle "playchess.com"]
[Source "ChessBase"]
[SourceQuality "1"]

{[%evp 13,101,5,42,20,20,21,37,19,37,26,34,11,34,0,5,-34,-31,-42,-37,-30,-43,-32,-47,-57,-52,-90,-85,-135,-124,-180,-176,-225,-118,-172,-37,-46,-44,-44,-45,-44,-45,-47,-50,-43,0,-71,-72,-324,-320,-664,-662,-637,-622,-899,-888,-796,-664,-631,-229,-242,-254,-218,-234,-237,-220,-220,-68,-97,-93,-95,-90,-90,-83,-112,-93,-177,-16,-22,-30,-19,-59,-49,-36,-94,-79,-57,-57,-407,-341,-429]} 1. d4 Nf6 2. c4 e6 3. Nf3 d5 4. Bg5 Be7 5. e3 O-O 6. Nc3 h6 7. Bh4 a6 8. Rc1 {D56: Queen's Gambit Declined: Lasker Defence} dxc4 (8... b6 9. cxd5 exd5 10. Bd3 Bb7 11. Bxf6 Bxf6 12. b4 Nd7 13. Qb3 c6 14. O-O Re8 15. e4 Nf8 {1-0 (35) Laznicka,V (2651)-Kraemer,M (2570) Germany 2016}) 9. Bxc4 b5 10. Bd3 {White is slightly better.} Bb7 11. Bxf6 Bxf6 12. Be4 c6 13. Bb1 Nd7 14. Qc2 $146 {[%csl Gb1][%cal Rc2h7]} ({Predecessor:} 14. Ne4 Qe7 15. Nc5 Nxc5 16. Rxc5 {½-½ (60) Puchart,V (2024)-Vach,P (2104) Slovakia 2008}) 14... g6 15. h4 h5 $1 16. Ne4 c5 17. Nxc5 Nxc5 18. dxc5 Qa5+ $1 19. Kf1 Rac8 {[%mdl 1024] Black has strong compensation.} 20. Rh3 Qb4 21. b3 (21. Nd4 $17) 21... Rfd8 $19 22. Rg3 {[#] Hoping for Rxg6+!} Bg7 (22... Bxf3 $1 $19 23. Rxf3 Rd2) 23. e4 (23. Kg1 $17) 23... Bh6 (23... Bf8 $19 {[%cal Rc8c5]} 24. Re1 Bxc5) 24. Ng5 $15 Bf8 $36 {[%mdl 2048] Black fights for an advantage.} 25. Rc3 {[#]} Rxc5 $1 {[%mdl 512]} 26. Rxc5 Bxc5 27. Rd1 (27. Qxc5 $2 Rd1+ 28. Rxd1 Qxc5 $19) 27... Rxd1+ 28. Qxd1 {White threatens Qd7! and mate.} Qd4 {[%cal Rd4d1]} 29. Qf3 (29. Qxd4 $11 {keeps the balance.} Bxd4 30. f4) 29... f6 $17 30. Nxe6 $2 {[%mdl 8192]} (30. Nh3 $17 {was forced.}) 30... Qb2 $19 31. Bd3 $2 (31. Nxc5 Qxb1+ 32. Ke2 Qc2+ {[%mdl 64] Double Attack} 33. Ke1 Qxc5 34. Qxf6 Qc1+ 35. Ke2 Qc2+ {[%mdl 64] Double Attack} 36. Ke3 Qxe4+ {[%mdl 64] Double Attack} 37. Kd2) 31... Qa1+ 32. Ke2 Qxa2+ {[%mdl 64] Double Attack} 33. Kf1 Qa1+ 34. Ke2 Qb2+ 35. Kf1 Qc1+ $2 (35... Bc8 {White must now prevent ...Qc1+.} 36. Qe2 (36. Nxc5 $2 Qa1+ 37. Ke2 Bg4 $19) 36... Qc1+ 37. Qe1 Qxe1+ 38. Kxe1 Bxe6) 36. Ke2 Bb4 {[%csl Gb4][%cal Rc1e1]} 37. Qe3 Qb2+ 38. Kf3 Qxb3 39. Nf4 Bd6 $2 (39... f5 $19 {And now ...Bd6 would win.} 40. Kg3 fxe4) 40. Qd4 {[#]} Bxf4 $1 ({But not} 40... Qd1+ $2 41. Ne2 $18) 41. Kxf4 Qe6 42. Qd8+ Kf7 43. Ke3 Qe7 44. Qh8 (44. Qd4 $17 {is a better defense.}) 44... Qf8 $2 (44... Qc5+ $19 45. Ke2 Qf8 46. Qh7+ Qg7 47. Qxg7+ Kxg7) 45. Qh7+ $11 Qg7 46. Qxg7+ Kxg7 47. Kd4 Kf7 48. Kc5 Ke7 49. Kb6 Bc8 50. Be2 $2 {[%mdl 8192]} ({White should play} 50. Ka5 $15) 50... b4 51. Bd1 {Accuracy: White = 27%, Black = 49%.} 0-1

[Event "RUS-ch Men Rapid 2019"]
[Site "Sochi"]
[Date "2019.10.16"]
[Round "9.18"]
[White "Mnatsakanian, Arsen"]
[Black "Papin, Vasily"]
[Result "0-1"]
[WhiteElo "2138"]
[BlackElo "2481"]
[Annotator "ChessBase"]
[PlyCount "90"]
[EventDate "2019.10.15"]
[EventType "swiss"]
[EventCountry "RUS"]
[SourceTitle "playchess.com"]
[Source "ChessBase"]
[SourceQuality "1"]
[TimeControl "900+10"]

1. e4 {[%emt 0:00:00]} c5 {[%emt 0:00:16]} 2. Nc3 {[%emt 0:00:00]} a6 {[%emt 0:00:01]} 3. g3 {[%emt 0:00:23]} b5 {[%emt 0:00:01]} 4. Bg2 {[%emt 0:00:01]} Bb7 {[%emt 0:00:01]} 5. d3 {[%emt 0:00:01]} e6 {[%emt 0:00:04]} 6. f4 {[%emt 0:00:10]} d5 {[%emt 0:00:07]} 7. e5 {[%emt 0:00:16]} h5 {[%emt 0:00:02]} 8. h3 {[%emt 0:00:04]} g6 {[%emt 0:00:19]} 9. Nf3 {[%emt 0:00:09]} Nh6 {[%emt 0:00:02]} 10. O-O {[%emt 0:00:15]} Nf5 {[%emt 0:00:08]} 11. Ne2 {[%emt 0:00:01]} Nc6 {[%emt 0:00:27]} 12. c3 {[%emt 0:00:38]} d4 {[%emt 0:00:18]} 13. Ng5 {[%emt 0:00:20]} Qb6 {[%emt 0:01:19]} 14. Kh2 {[%emt 0:01:02]} Be7 {[%emt 0:00:10]} 15. Ne4 {[%emt 0:00:07]} O-O-O {[%emt 0:00:48]} 16. a4 {[%emt 0:00:34]} c4 {[%emt 0:00:32]} 17. axb5 {[%emt 0:00:18]} axb5 {[%emt 0:00:12]} 18. dxc4 {[%emt 0:01:18]} d3 {[%emt 0:00:20]} 19. cxb5 {[%emt 0:00:17]} dxe2 {[%emt 0:00:59]} 20. Qxe2 {[%emt 0:00:02]} Na7 {[%emt 0:00:29]} 21. b4 {[%emt 0:03:42]} Nxb5 {[%emt 0:01:14]} 22. Ra5 {[%emt 0:02:00]} Nc7 {[%emt 0:00:09]} 23. Qa2 {[%emt 0:02:35]} Ne3 {[%emt 0:01:28]} 24. Bxe3 {[%emt 0:00:19]} Qxe3 {[%emt 0:00:01]} 25. Nd6+ {[%emt 0:00:38]} Bxd6 {[%emt 0:00:07]} 26. Bxb7+ {[%emt 0:00:05]} Kxb7 {[%emt 0:00:05]} 27. Qg2+ {[%emt 0:00:24]} Kb8 {[%emt 0:04:57]} 28. Kh1 {[%emt 0:03:30]} Bxe5 {[%emt 0:01:18]} 29. Rxe5 {[%emt 0:00:17]} Qb6 {[%emt 0:01:07]} 30. Ra5 {[%emt 0:00:17]} Qb7 {[%emt 0:00:12]} 31. Rf3 {[%emt 0:00:06]} Rd1+ {[%emt 0:00:02]} 32. Kh2 {[%emt 0:00:01]} Rhd8 {[%emt 0:00:01]} 33. Ra2 {[%emt 0:00:00]} R8d3 {[%emt 0:00:50]} 34. Rxd3 {[%emt 0:00:29]} Qxg2+ {[%emt 0:00:02]} 35. Kxg2 {[%emt 0:00:01]} Rxd3 {[%emt 0:00:01]} 36. c4 {[%emt 0:00:05]} Rd4 {[%emt 0:00:06]} 37. Rc2 {[%emt 0:00:01]} Na6 {[%emt 0:00:06]} 38. b5 {[%emt 0:00:34]} Nc5 {[%emt 0:00:01]} 39. Rc3 {[%emt 0:00:09]} Ne4 {[%emt 0:01:06]} 40. Rc1 {[%emt 0:00:06]} Rd3 {[%emt 0:00:04]} 41. c5 {[%emt 0:00:04]} Rxg3+ {[%emt 0:00:06]} 42. Kh2 {[%emt 0:00:03]} Rc3 {[%emt 0:00:04]} 43. Rd1 {[%emt 0:00:09]} Rxc5 {[%emt 0:00:05]} 44. Rd7 {[%emt 0:00:03]} Rc2+ {[%emt 0:00:14]} 45. Kg1 {[%emt 0:00:04]} Rc7 {[%emt 0:00:02]} 0-1

[Event "RUS-ch Men Rapid 2019"]
[Site "Sochi"]
[Date "2019.10.16"]
[Round "9.19"]
[White "Gutenev, Alexander"]
[Black "Gaydym, Arseniy"]
[Result "0-1"]
[WhiteElo "2469"]
[BlackElo "2139"]
[Annotator "ChessBase"]
[PlyCount "100"]
[EventDate "2019.10.15"]
[EventType "swiss"]
[EventCountry "RUS"]
[SourceTitle "playchess.com"]
[Source "ChessBase"]
[SourceQuality "1"]
[TimeControl "900+10"]

1. e4 {[%emt 0:00:00]} c5 {[%emt 0:00:00]} 2. Nc3 {[%emt 0:00:00]} d6 {[%emt 0:00:00]} 3. d4 {[%emt 0:00:00]} cxd4 {[%emt 0:00:12]} 4. Qxd4 {[%emt 0:00:00]} Nf6 {[%emt 0:00:03]} 5. b3 {[%emt 0:00:01]} Nc6 {[%emt 0:00:12]} 6. Qd2 {[%emt 0:00:01]} g6 {[%emt 0:00:18]} 7. Bb2 {[%emt 0:00:01]} Bg7 {[%emt 0:00:03]} 8. O-O-O {[%emt 0:00:04]} Be6 {[%emt 0:00:58]} 9. Kb1 {[%emt 0:00:07]} Rc8 {[%emt 0:00:46]} 10. f3 {[%emt 0:00:01]} O-O {[%emt 0:00:38]} 11. g4 {[%emt 0:00:06]} Qa5 {[%emt 0:01:23]} 12. Nge2 {[%emt 0:00:42]} b5 {[%emt 0:02:35]} 13. Nf4 {[%emt 0:00:53]} b4 {[%emt 0:01:20]} 14. Nce2 {[%emt 0:00:13]} Rfd8 {[%emt 0:02:15]} 15. Nxe6 {[%emt 0:00:27]} fxe6 {[%emt 0:00:11]} 16. Nf4 {[%emt 0:01:31]} Kf7 {[%emt 0:02:04]} 17. h4 {[%emt 0:03:34]} Ne5 {[%emt 0:00:31]} 18. Qe2 {[%emt 0:01:06]} Rc6 {[%emt 0:01:39]} 19. Bh3 {[%emt 0:00:38]} Ra6 {[%emt 0:00:36]} 20. g5 {[%emt 0:01:12]} Qxa2+ {[%emt 0:00:04]} 21. Kc1 {[%emt 0:00:01]} Nfg4 {[%emt 0:01:33]} 22. Bd4 {[%emt 0:00:38]} Rc8 {[%emt 0:00:40]} 23. Bxg4 {[%emt 0:02:13]} Nxg4 {[%emt 0:00:03]} 24. Bxg7 {[%emt 0:01:00]} Rac6 {[%emt 0:00:02]} 25. Bb2 {[%emt 0:00:43]} Ne3 {[%emt 0:00:40]} 26. Rd2 {[%emt 0:01:28]} Qxb3 {[%emt 0:00:05]} 27. Rh2 {[%emt 0:00:17]} Rxc2+ {[%emt 0:00:11]} 28. Rxc2 {[%emt 0:00:02]} Rxc2+ {[%emt 0:00:02]} 29. Qxc2 {[%emt 0:00:04]} Nxc2 {[%emt 0:00:01]} 30. Rxc2 {[%emt 0:00:05]} Qe3+ {[%emt 0:00:01]} 31. Kd1 {[%emt 0:00:17]} Qxf4 {[%emt 0:00:05]} 32. Ke2 {[%emt 0:00:04]} b3 {[%emt 0:00:16]} 33. Rd2 {[%emt 0:00:06]} Qxh4 {[%emt 0:00:03]} 34. Bd4 {[%emt 0:00:07]} Qxg5 {[%emt 0:00:08]} 35. Kd3 {[%emt 0:00:08]} Qb5+ {[%emt 0:00:05]} 36. Kc3 {[%emt 0:00:02]} b2 {[%emt 0:00:02]} 37. Rxb2 {[%emt 0:00:03]} Qf1 {[%emt 0:00:29]} 38. Rf2 {[%emt 0:00:02]} Qa1+ {[%emt 0:00:08]} 39. Kd3 {[%emt 0:00:01]} Qd1+ {[%emt 0:00:01]} 40. Ke3 {[%emt 0:00:03]} e5 {[%emt 0:00:21]} 41. Bc3 {[%emt 0:00:01]} Qb3 {[%emt 0:00:06]} 42. Kd3 {[%emt 0:00:01]} a5 {[%emt 0:00:12]} 43. Rb2 {[%emt 0:00:06]} Qd1+ {[%emt 0:00:02]} 44. Ke3 {[%emt 0:00:01]} a4 {[%emt 0:00:04]} 45. Rd2 {[%emt 0:00:09]} Qb3 {[%emt 0:00:04]} 46. Rd3 {[%emt 0:00:05]} Qb6+ {[%emt 0:00:27]} 47. Kd2 {[%emt 0:00:04]} Qf2+ {[%emt 0:00:07]} 48. Kc1 {[%emt 0:00:02]} a3 {[%emt 0:00:16]} 49. Bd2 {[%emt 0:00:01]} a2 {[%emt 0:00:19]} 50. Ra3 {[%emt 0:00:00]} Qf1+ {[%emt 0:00:01]} 0-1

[Event "RUS-ch Men Rapid 2019"]
[Site "Sochi"]
[Date "2019.10.16"]
[Round "9.20"]
[White "Linker, Mikhail"]
[Black "Popov, Valerij"]
[Result "1-0"]
[WhiteElo "2269"]
[BlackElo "2535"]
[Annotator "TA"]
[PlyCount "57"]
[EventDate "2019.10.15"]
[EventType "swiss"]
[EventCountry "RUS"]
[SourceTitle "playchess.com"]
[Source "ChessBase"]
[SourceQuality "1"]

{[%evp 23,136,-2,-3,-8,2,-49,-55,-66,-34,-40,-45,-25,-39,-23,-35,-270,-253,-254,-248,-234,-243,-259,-250,-290,-218,-286,-285,-385,-339,-388,-366,-575,-575,-570,-566,-1501,-1508,-1190,-1222,-930,-363,-496,-363,-369,-341,-361,-369,-344,-332,-573,-572,-550,-504,-683,-735,-664,-648,-29951,-29955,-29956,-29960,-29963,-29963,-29964,-29965,-29962,-29965,-29965,-29961,-29962,-29964,-29964,-29965,-29963,-29965,-29967,-29966,-29970,-29973,-29973,-29968,-29967,-29968,-29972,-29969,-29970,-29961,-12664,-5895,-29952,-29951,-29971,-29971,-29972,-29974,-29980,-29981,-29977,-29975,-29985,-29986,-29986,-29983,-29983,-29983,-29994,-29994,-29996,-29997,-29997,-29996,-29996,-29997,-29997,-4731]} 1. d4 Nf6 2. Nf3 d5 3. c4 e6 4. e3 a6 5. Nc3 dxc4 6. Bxc4 b5 7. Be2 Bb7 8. O-O Nbd7 9. b3 c5 10. Bb2 Bd6 11. Rc1 O-O 12. dxc5 Bxc5 13. Nd4 {D47: Semi-Slav: Meran System} Qb6 (13... Rc8 14. Rc2 Qe7 15. a4 b4 16. Nb1 Rfd8 17. Nd2 {1-0 (30) Nepomniachtchi,I (2776)-Danielian,E (2385) chess.com INT 2019}) 14. Bf3 (14. a4 $11) 14... Bxd4 $146 ({Predecessor:} 14... Rfd8 15. Bxb7 Qxb7 16. Qf3 Qxf3 17. Ra1 Qf4 18. Nb1 Nb8 19. Nxb5 Bf8 {½-½ (19) Belousov,G (2230)-Alvarez Serrano,C (2141) Benidorm 2016}) 15. exd4 {Black is slightly better.} Rfd8 16. d5 Nf8 17. Ne4 Nxe4 18. Bxe4 {Threatens to win with Qg4!} f5 19. Be5 $2 ({Better is} 19. Bf3 $15) 19... fxe4 $19 20. Bc7 Qa7 21. Bxd8 Rxd8 22. Rc7 {[#] And now Qg4! would win.} Qb6 $1 {[%cal Rb6c7]} (22... Rxd5 23. Qg4 $15) 23. d6 Bd5 ({Not} 23... Rd7 24. Rxd7 Nxd7 25. Qd2 $19) 24. Qh5 {Intending Qf7+ and mate.} Ng6 25. Rfc1 Qxd6 {White must now prevent ...Bc4!} 26. Ra7 Bc6 27. h4 {[#]} (27. Rf1 $142) 27... e3 $1 28. fxe3 {[#]} Qd2 $1 {[%csl Gc6,LRa2,LRc1,LRe3,LRg2][%cal Rd2g2][%mdl 64] Double Attack} 29. Rxc6 {Played: Ra7xg7} 1-0